Sports Quiz

Random Sports or College Quiz

Chicago Bulls stats Quiz Stats

 Plays Quiz not verified by Sporcle

Score 0/14 Timer 03:00
0 Plays Today
player college % Correct
Joakim NoahFlorida
100%
Carlos BoozerDuke
97.4%
Luol DengDuke
97.4%
Derrick RoseMemphis
97.4%
Richard HamiltonUConn
71.1%
Brian ScalabrineUSC
68.4%
Taj GibsonUSC
68.4%
player college % Correct
Jimmy ButlerMarquette
63.2%
Kyle KorverCreighton
57.9%
Omer AsikTurkey
55.3%
Ronnie BrewerArkansas
52.6%
John Lucas IIIOklahoma State
44.7%
C.J. watsonTennessee
34.2%
Mike JamesDuquesne
18.4%

You're not logged in!

Compare scores with friends on all Sporcle quizzes.
OR
Log In

Show Comments

Extras

Top Quizzes Today


Score Distribution

Your Account Isn't Verified!

In order to create a playlist on Sporcle, you need to verify the email address you used during registration. Go to your Sporcle Settings to finish the process.

Report this User

Report this user for behavior that violates our Community Guidelines.

Details: